000 00793nab a2200229 i 4500
001 193667
003 ES-MaACL
005 20250809063547.0
007 t|
008 240205s1999 sp ||||1| spa d
040 _aES-MaACL
_bspa
100 1 _aPrada, Juan Manuel de,
_d1970-
_eaut
_993574
245 1 3 _aEl Ateneo de Madrid /
_cpor Juan Manuel de Prada
260 _a[Madrid] :
_bBlanco y Negro,
_c1999
300 _a1 página :
_b2 ilustraciones (color) ;
_c30 cm
500 _aArtículo de Juan Manuel de Prada sobre el Ateneo de Madrid, publicado en "Blanco y negro", 3 enero de 1999
610 2 4 _aAteneo de Madrid-
_vHistoria
_91925
852 4 _aES-MaACL
_cDEPOF
_j2347-F-39
_9201188
942 _2udc
_cANAB
_n0
999 _c193667
_d193667